000 01273nam a22003737a 4500
001 1038185
003 OSt
005 20210421062538.0
008 890207r1990 nyu 000 1 eng
010 _a 89045305
020 _a0394580702 :
040 _aeng
_cDLC
_dDLC
_dOCoLC
_dDLC
_beng
041 _aeng
043 _ae-uk-en
050 0 0 _aPR6060.A467
_bD4 1990
080 _a821.111
_bJ-22
082 0 0 _a823/.914
_220
100 1 _aJames, P. D.
245 1 0 _aDevices and desires /
_cP.D. James.
250 _a1st American trade ed.
260 _aNew York :
_bKnopf :
_bDistributed by Random House,
_c1990, c1989.
300 _a433 p. ;
_c25 cm.
365 _b19.95 usd
600 1 0 _aDalgliesh, Adam
_c(Fictitious character)
_vFiction.
650 0 _aPolice
_zEngland
_vFiction.
650 0 _aEnglish literature
_9247
653 _aინგლისური ლიტერატურა
655 7 _aDetective and mystery stories.
_2gsafd
856 4 2 _3Contributor biographical information
_uhttp://www.loc.gov/catdir/bios/random056/89045305.html
856 4 2 _3Publisher description
_uhttp://www.loc.gov/catdir/description/random044/89045305.html
906 _a7
_bcbc
_corignew
_d1
_eocip
_f19
_gy-gencatlg
942 _2udc
_cBK
_e1
999 _c637
_d637